The Rare Book Heist Quiz Stats

 Plays Quiz not verified by Sporcle

Score 0/15 Timer 07:00
0 Plays Today
% Correct
The Magna Carta
84.8%
The Canterbury Tales
69.7%
The Book of Kells
63.6%
Leonardo da Vinci
63.6%
The Dead Sea Scrolls
60.6%
The Gutenberg Bible
57.6%
John James Audubon
57.6%
William Blake
48.5%
% Correct
The Voynich manuscript
45.5%
The First Folio
42.4%
The Bay Psalm Book
27.3%
The Ripley Scroll
24.2%
Troy
21.2%
Hypnerotomachia Poliphili
18.2%
The Rubaiyat of Omar Khayyam
18.2%

You're not logged in!

Compare scores with friends on all Sporcle quizzes.
Join for Free
OR
Log In

You Might Also Like...

Show Comments

Extras

Created Mar 2, 2014ReportNominate
Tags:Book Quiz, codex, heist, rare

Top Quizzes Today


Score Distribution

Your Account Isn't Verified!

In order to create a playlist on Sporcle, you need to verify the email address you used during registration. Go to your Sporcle Settings to finish the process.

Report this User

Report this user for behavior that violates our Community Guidelines.

Details: